Statystyki dla Prazetłumacz Losowe Słowa - Język Angielski

Kliknij tutaj aby rozwiązać quiz!

Ogólne statystyki

  • Ten quiz został rozwiązany 89 razy
    (70 od ostatniego zresetowania)
  • Średni wynik to 18 z 20

Statystyki odpowiedzi

AngielskiPolski% Poprawnych
FoodJedzenie
98%
FlyMucha/Latać
98%
MouseMysz
98%
HospitalSzpital
98%
SharkRekin
97%
IslandWyspa
97%
HamsterChomik
95%
NewNowy
95%
TruePrawda
95%
BirdPtak
95%
BusAutobus
94%
QuestionPytanie/Kwestionować
94%
ListenSłuchać
92%
TranslatorTłumacz
92%
CountryKraj
90%
PicturObraz
87%
WarWojna
87%
HatKapelusz
81%
AntMrówka
78%
RoosterKogut
29%

Rozkład punktacji

Percentyl według liczby udzielonych odpowiedzi

Procent ludzi z każdym wynikiem

Twoja historia wyników

Nie rozwiązałeś tego quizu od ostatniego zresetowania